| 000 | 00540nasaa2200193 4500 | ||
|---|---|---|---|
| 008 | b xx# fre u | ||
| 040 | _aLB-BrCRDP | ||
| 082 | _a910/G345 | ||
| 130 | 1 | _lFR | |
| 245 | 1 | 0 |
_aGEO _bun nouveau monde: la terre |
| 260 |
_aParis _bPrisma Presse _c1998- |
||
| 300 |
_bill. et photos en coul. ; _c27cm |
||
| 500 | _aMensuel | ||
| 500 | _a12 numéros par an | ||
| 500 | _a1er numéro 227 reçu (Janvier 1998) | ||
| 650 |
_aGéographie _xPériodiques |
||
| 942 | _c | ||
| 999 |
_c12813 _d12813 |
||